| 000 | 01193nam a2200205Ia 4500 | ||
|---|---|---|---|
| 001 | 10045 | ||
| 003 | GE_BSU | ||
| 008 | 181216s||||||||xx |||||||||||||| ||und|| | ||
| 040 | _cGE_BSU | ||
| 080 | _a341.64(094.9) | ||
| 245 | _aადამიანის უფლებათა ევროპული სასამართლოს გადაწყვეტილებების თემატური საძიებელი. | ||
| 245 | _cკრებული შადგინეს და დაამუშავეს; თინათინ ბეჟაშვილმა,და ნანა ბიგვავამ;ტექნ.რედ.და ყდის დიზ.მარიკა მაღალაშვილი | ||
| 260 | _aთბილისი. | ||
| 260 | _bსაქართველოს უზენაესი სასამართლო. | ||
| 260 | _c2013. | ||
| 300 | _a187გვ;30სმ. | ||
| 300 | _bყდა ქართ.და ინგლ.ენ. | ||
| 653 | _aადამიანის უფლებები; ევროსასამართლოს გადაწყვეტილებები | ||
| 942 | _cBK | ||
| 999 |
_c43318 _d43318 |
||